| 000 | nam a22 a 4500 | ||
|---|---|---|---|
| 999 |
_c394960 _d394960 |
||
| 003 | BLK | ||
| 005 | 20210120161140.0 | ||
| 008 | 210120b bu ||||| |||| 00| 0 bu d | ||
| 040 | _aBLK | ||
| 041 |
_aRUS _cRUS |
||
| 080 |
_aРегионална география _b913 _x(8) _z913(8) |
||
| 100 |
_9435557 _aРеклю, Жан Жак Элизе _eпърви автор |
||
| 245 |
_aЗемля и люди _bВсеобщая география : Т. 1 - _cЖан Жак Элизе Реклю _nТ. 18. _pЮжная Америка. Область Андов |
||
| 260 |
_9435466 _aСанкт-Петербург _bкартогр. заведение Ильина _c1896 |
||
| 300 | _c26 см | ||
| 380 | _a91 | ||
| 490 |
_9435080 _aКолекция Редки и ценни издания |
||
| 650 | 0 |
_9269208 _aЮжна Америка - география |
|
| 760 |
_h709 с. : с ил., к. _oТ. 18 _tЮжная Америка. Область Андов |
||
| 852 |
_aРр 896 _bРц |
||
| 942 |
_cKNG _n0 _s1 |
||
| 944 |
_aCR _c2021-01-20 _kВЙ |
||
| 999 | _d394960 | ||